| 000 | 00789cam a22002174a 4500 | ||
|---|---|---|---|
| 001 | 12619561 | ||
| 005 | 20250131142719.0 | ||
| 008 | 011213s2002 paua bf 001 0 eng | ||
| 020 | _a9781582551746 | ||
| 050 | 0 | 0 |
_aRC71.5 _b.R37 2002 |
| 082 | 0 | 0 |
_a616.07/5 _221 |
| 245 | 0 | 0 | _aRapid differential diagnosis. |
| 260 |
_aPhiladelphia : _bLippincott Williams & Wilkins, _cc2002. |
||
| 300 |
_axi, 464 p. : _bill. ; _c24 cm. |
||
| 650 | 0 |
_aDiagnosis, Differential _vHandbooks, manuals, etc. |
|
| 650 | 0 |
_aNurse practitioners _vHandbooks, manuals, etc. |
|
| 650 | 1 | 2 |
_aDiagnosis, Differential _vNurses' Instruction. |
| 650 | 2 | 2 |
_aNurse Practitioners _vNurses' Instruction. |
| 856 | 4 | 2 |
_3Publisher description _uhttp://www.loc.gov/catdir/enhancements/fy0730/2001050825-d.html |
| 942 |
_2lcc _cBK _n0 |
||
| 999 |
_c3306 _d3306 |
||